000 00777nam a22002535a 4500
005 20171113152620.0
008 171113s2005 ii gr 000 0deng d
040 _aEG-ScBUE
_beng
_cEG-ScBUE
082 0 4 _a821.912
_bTIL
_222
100 1 _aTilak, Raghukul.
245 1 0 _aDylan Thomas :
_bselect poems /
_cRaghukul Tilak, Anupam Gupta.
250 _a12th ed.
260 _aNew Delhi :
_bRama Brothers,
_c2005.
300 _aviii, 175 p. ;
_c20 cm.
490 0 _aStudies in poets
600 1 7 _aThomas, Dylan,
_d1914-1953
_xCriticism and interpretation.
_2BUEsh
650 7 _aPoetry, Modern.
_2BUEsh
650 7 _aWelsh poetry.
_2BUEsh
650 7 _aEnglish poetry.
_2BUEsh
651 _2BUEsh
653 _bHHUUEENN
_cNovember2017
700 1 _aGupta, Anupam.
942 _2ddc
999 _c25571
_d25543